00493nam a22001697a 450000500170000001000150001702000260003203500140005803700130007208200110008510000170009624500440011326000450015727000870020230000170028970000170030620240402160121.0 aENG-140015 a9788192515106c300.00 aEN-123547 bDBAD/PUB a88121 aDivita Singh aNostalgia All over again/cDivita Singh aNew DelhibVersatility Publicationc2012 aB-7, IIIrd Floor, Saraswati Complex, Shubash Chowk, Laxmi NagarbNew Delhie110092 a72p;c22(Hb) aDivita Singh